Comuni della Lombardia - Statistics

Statistiche generali
  • Questo quiz è stato fatto 131 volte
  • Il punteggio medio è 10 su 15
Statistiche sulle risposte
Popolazione Comune % Corretto
1374582 Milano
99%
119993 Bergamo
93%
197304 Brescia
93%
84250 Como
90%
122522 Monza
86%
71223 Cremona
83%
71122 Pavia
83%
79350 Varese
81%
50742 Rho
63%
80203 Sesto San Giovanni
58%
83045 Busto Arsizio
55%
74636 Cinisello Balsamo
45%
62340 Vigevano
39%
52787 Gallarate
38%
59855 Legnano
31%
Nessun quiz corrispondente trovato
Distribuzione punteggi
Percentuale di utenti per punteggio
Percentile per numero di risposta
I tuoi punteggi nel tempo
Non hai fatto questo quiz